000 00307nam a22001337a 4500
008 170829b xxu||||| |||| 00| 0 eng d
020 _a9780844258508
041 _aeng
080 _24TH
_a070
100 _a39
101 _aMED
245 _aSPEECH EXPLORING COMMUNICATION
_cO'CONNOR,J.R
942 _2udc
_cBK
999 _c25375
_d25375